000 08075cim a22018377a 4500
999 _c58269
001 14732224
003 LIBRIS
005 20210805132736.0
007 sd |||||||m|||
008 131010s2013 sw | ||g|||||||f | swe|c
020 _a9789186719869
_qCD-skiva
035 _a(BOKR)9789186719869
035 _a(Bo)525537
040 _aBOKR
_dTkb
_dGbg
_ea
041 1 _aswe
_heng
082 0 4 _a823
_222 (machine generated)
084 _aHcee.016/LC
_2kssb/8
084 _aHcee.016
_2kssb/8
100 1 _aMunro, Alice,
_d1931-
_0https://libris.kb.se/31fjm6nm5149w5b#it
240 1 0 _aDear Life.
_lSvenska
245 1 0 _aBrinnande livet
_h[Ljudupptagning] /
_cAlice Munro ; översättning: Rose-Marie Nielsen.
264 1 _aStockholm :
_bA Nice Noise,
_ccop. 2013
300 _a8 CD (ca 10 tim.)
500 _aLjudbok CD
655 7 _aSkönlitteratur
_0https://id.kb.se/term/saogf/Sk%C3%B6nlitteratur
_2saogf
655 7 _aLjudböcker
_0https://id.kb.se/term/saogf/Ljudb%C3%B6cker
_2saogf
655 7 _aNoveller
_0https://id.kb.se/term/saogf/Noveller
_2saogf
700 1 _aEwerlöf, Katarina
_4nrt
700 1 _aNielsen, Rose-Marie,
_d1940-
_4trl
_0https://libris.kb.se/1zcgnrfk0dx5cn3#it
887 _a{"@id":"sb48zr843tkrsrx","modified":"2015-10-19T16:59:45+02:00","checksum":"202860480108"}
_2librisxl
887 _a{"@id":"x28t8bz31pz9pj7","modified":"2013-11-25T11:12:13+01:00","checksum":"183779107221"}
_2librisxl
887 _a{"@id":"bgn9rv3h2mlbmxh","modified":"2014-04-01T12:25:17+02:00","checksum":"200060168556"}
_2librisxl
887 _a{"@id":"kpwfp9bq4bs2sbq","modified":"2013-10-30T18:10:18+01:00","checksum":"206101655754"}
_2librisxl
887 _a{"@id":"w17s7bk237m7vx2","modified":"2013-11-25T12:08:09+01:00","checksum":"191865271192"}
_2librisxl
887 _a{"@id":"djq8j30k4gq3kgz","modified":"2013-10-30T17:01:17+01:00","checksum":"182134619215"}
_2librisxl
887 _a{"@id":"37f1vw783hjp5ws","modified":"2014-03-06T10:42:07+01:00","checksum":"225459563414"}
_2librisxl
887 _a{"@id":"w17s7pj25sp6t7g","modified":"2013-11-27T11:22:11+01:00","checksum":"178096630357"}
_2librisxl
887 _a{"@id":"48g15gg942t17zj","modified":"2014-01-22T15:15:07+01:00","checksum":"216385069108"}
_2librisxl
887 _a{"@id":"9fm6m3xg098k1zg","modified":"2014-01-15T11:13:50+01:00","checksum":"203250773986"}
_2librisxl
887 _a{"@id":"04c5q6v539bvhk9","modified":"2015-10-19T16:59:46+02:00","checksum":"195286551740"}
_2librisxl
887 _a{"@id":"6bj2764c00rsc1q","modified":"2014-01-20T08:03:45+01:00","checksum":"211792854163"}
_2librisxl
887 _a{"@id":"tz6d054003x4qls","modified":"2017-03-10T16:10:51+01:00","checksum":"183035068318"}
_2librisxl
887 _a{"@id":"kztkgd3ph62p86pf","modified":"2021-07-08T13:13:55.412+02:00","checksum":"188648729772"}
_2librisxl
887 _a{"@id":"pt1m431v3x5wdj6","modified":"2014-02-12T08:05:54+01:00","checksum":"189113272994"}
_2librisxl
887 _a{"@id":"mr08t0zs31f85n8","modified":"2017-06-27T16:11:22+02:00","checksum":"191952693670"}
_2librisxl
900 0 s _6100
_d1931-
_uMunro, Alice,
_d1931-
900 0 s _6100
_d1931-
_uMunro, Alice,
_d1931-
900 1 s _6100
_d1931-
_uMunro, Alice,
_d1931-
900 1 s _6100
_d1931-
_uMunro, Alice,
_d1931-
900 1 s _6100
_d1931
_uMunro, Alice,
_d1931-
900 1 s _6100
_d1931
_uMunro, Alice,
_d1931-
942 _2z
_cAUDIOBOOK